[Event "PRO League Group Stage"]
[Site "chess.com INT"]
[Date "2019.02.20"]
[Round "7"]
[White "Naroditsky, Daniel"]
[Black "Ding, Liren"]
[Result "1/2-1/2"]
[WhiteTitle "GM"]
[BlackTitle "GM"]
[WhiteElo "2616"]
[BlackElo "2813"]
[WhiteTeam "San Francisco Mechanics"]
[BlackTeam "Chengdu Pandas"]
[WhiteFideId "2026961"]
[BlackFideId "8603677"]
[EventDate "2019.01.08"]

1. e4 e5 2. Nf3 Nc6 3. Bb5 a6 4. Ba4 Nf6 5. O-O Be7 6. Re1 b5 7. Bb3 O-O 8. c3
d5 9. exd5 Nxd5 10. Nxe5 Nxe5 11. Rxe5 c6 12. d3 Bd6 13. Re1 Bf5 14. Qf3 Qh4 15.
g3 Qh3 16. Nd2 Rae8 17. Ne4 Bg4 18. Qg2 Qxg2+ 19. Kxg2 f5 20. Bf4 Bxf4 21. gxf4
fxe4 22. dxe4 Bf3+ 23. Kxf3 Rxf4+ 24. Kg3 Rfxe4 25. Rxe4 Rxe4 26. a4 Re2 27.
axb5 axb5 28. Rd1 Rxb2 29. Bxd5+ cxd5 30. Rxd5 Rb3 31. f3 Rxc3 32. Rxb5 1/2-1/2

[Event "PRO League Group Stage"]
[Site "chess.com INT"]
[Date "2019.02.20"]
[Round "7"]
[White "Wang, Yue"]
[Black "Bhat, Vinay"]
[Result "1-0"]
[WhiteTitle "GM"]
[BlackTitle "GM"]
[WhiteElo "2684"]
[BlackElo "2519"]
[WhiteTeam "Chengdu Pandas"]
[BlackTeam "San Francisco Mechanics"]
[WhiteFideId "8601429"]
[BlackFideId "2011352"]
[EventDate "2019.01.08"]

1. Nf3 d5 2. d4 Nf6 3. c4 c6 4. Qb3 dxc4 5. Qxc4 Bg4 6. Nc3 Nbd7 7. Bf4 Qb6 8.
O-O-O e6 9. Ne5 Bh5 10. f3 Nxe5 11. Bxe5 Nd5 12. Nxd5 exd5 13. Qc2 f6 14. Bg3
Be7 15. e4 O-O 16. Bd3 Rac8 17. Kb1 h6 18. Rhe1 Bb4 19. Re2 c5 20. exd5 cxd4 21.
Qb3 Bf7 22. a3 Bc5 23. Qxb6 Bxb6 24. d6 Rcd8 25. Re7 Bc5 26. Rc1 b6 27. Rxa7
Bxd6 28. Bxd6 Rxd6 29. Rcc7 f5 30. Bc4 Rf6 31. Kc2 d3+ 32. Kd2 1-0

[Event "PRO League Group Stage"]
[Site "chess.com INT"]
[Date "2019.02.20"]
[Round "7"]
[White "Zierk, Steven"]
[Black "Zhao, Jun"]
[Result "0-1"]
[WhiteTitle "GM"]
[BlackTitle "GM"]
[WhiteElo "2510"]
[BlackElo "2610"]
[WhiteTeam "San Francisco Mechanics"]
[BlackTeam "Chengdu Pandas"]
[WhiteFideId "2034255"]
[BlackFideId "8602522"]
[EventDate "2019.01.08"]

1. e4 c6 2. d4 d5 3. Nc3 dxe4 4. Nxe4 Nf6 5. Nxf6+ exf6 6. Bc4 Bd6 7. Ne2 O-O 8.
O-O Qc7 9. h3 Nd7 10. a4 Rd8 11. c3 Nf8 12. Be3 Ng6 13. Qc2 Bd7 14. Rfe1 Re8 15.
Kh1 Re7 16. Ng1 Rae8 17. Nf3 Qa5 18. Ng1 Bb8 19. Bd2 Nf4 20. Rxe7 Rxe7 21. Re1
Rxe1 22. Bxe1 Qg5 23. Qe4 f5 24. Qf3 Ng6 25. Bf1 Qc1 26. Qe2 Be6 27. Qd2 Qa1 28.
c4 Qxa4 29. d5 cxd5 30. cxd5 Bd7 31. Ne2 Bd6 32. Nc3 Qb3 33. Bd3 Ne5 34. Bb1 b6
35. Qe2 Qc4 36. Bd2 Qxe2 37. Nxe2 Nc4 38. Bc1 Be5 39. b3 Nd6 40. Ba3 Nb5 41. Bb4
a5 42. Bd2 Nc7 43. f4 Bd6 44. Nc3 Bb4 45. Bd3 b5 46. d6 Bxd6 47. Be3 a4 48. bxa4
bxa4 49. Bc4 a3 50. Ba2 Be6 51. Bb1 Nd5 52. Nxd5 Bxd5 53. Bxf5 a2 54. Bd4 Bxf4
55. Kg1 Be3+ 0-1

[Event "PRO League Group Stage"]
[Site "chess.com INT"]
[Date "2019.02.20"]
[Round "7"]
[White "Li, Yunshan"]
[Black "Hong, Andrew"]
[Result "0-1"]
[WhiteTitle "WFM"]
[BlackTitle "FM"]
[WhiteElo "2246"]
[BlackElo "2390"]
[WhiteTeam "Chengdu Pandas"]
[BlackTeam "San Francisco Mechanics"]
[WhiteFideId "8607664"]
[BlackFideId "2099438"]
[EventDate "2019.01.08"]

1. d4 d5 2. c4 e6 3. Nf3 Nf6 4. g3 dxc4 5. Bg2 Bb4+ 6. Bd2 a5 7. O-O O-O 8. Bg5
Nc6 9. e3 h6 10. Bxf6 Qxf6 11. Qc2 e5 12. d5 Ne7 13. Qxc4 c6 14. dxc6 bxc6 15.
Rd1 Nd5 16. a3 Ba6 17. Qc2 Be7 18. Rd2 Nb6 19. b3 e4 20. Nd4 c5 21. Nc3 cxd4 22.
Nxe4 Qg6 23. exd4 Rac8 24. Qb2 Rfd8 25. Rad1 Bb7 26. Re1 Bf8 27. h4 Re8 28. Rde2
Red8 29. h5 Qc6 30. f4 Qd7 31. Rd2 Bd5 32. Rd3 Rc6 33. Red1 Re8 34. Nc5 Qf5 35.
b4 axb4 36. axb4 Nc4 37. Qf2 Qxh5 38. b5 Rg6 39. f5 Bxg2 40. Kxg2 Rb6 41. Kg1
Rxb5 42. Re1 Rxe1+ 43. Qxe1 Qxf5 44. Qf2 Rxc5 0-1

[Event "PRO League Group Stage"]
[Site "chess.com INT"]
[Date "2019.02.20"]
[Round "7"]
[White "Caruana, Fabiano"]
[Black "Le, Quang Liem"]
[Result "1/2-1/2"]
[WhiteTitle "GM"]
[BlackTitle "GM"]
[WhiteElo "2828"]
[BlackElo "2714"]
[WhiteTeam "Saint Louis Arch Bishops"]
[BlackTeam "Webster Windmills"]
[WhiteFideId "2020009"]
[BlackFideId "12401137"]
[EventDate "2019.01.08"]

1. e4 c6 2. d4 d5 3. exd5 cxd5 4. Bd3 Nc6 5. c3 Nf6 6. h3 g6 7. Bf4 Bf5 8. Be2
Bg7 9. Nf3 O-O 10. O-O Ne4 11. Nbd2 Rc8 12. Re1 h6 13. Nf1 g5 14. Bh2 e6 15. Bd3
Qb6 16. Re2 Bg6 17. Ne1 e5 18. Ne3 Rfd8 19. dxe5 Nxe5 20. Bxe5 Bxe5 21. Qb3 Qd6
22. Rd1 Nc5 23. Qb4 Nxd3 24. Nxd3 Bh2+ 25. Kh1 d4 26. cxd4 Bxd3 27. Qxd6 Bxd6
28. Rxd3 Rc1+ 29. Rd1 Rxd1+ 30. Nxd1 Bb4 31. Ne3 Rxd4 32. g4 Kh7 33. Kg2 Bc5 34.
Nf5 Rf4 35. Kg3 h5 36. Rc2 b6 37. a3 a5 38. f3 h4+ 39. Kg2 Kg6 40. Rc3 Kf6 41.
Kf1 Ke5 42. Ke2 Kd5 43. Kd1 Rc4 44. Rd3+ Ke6 45. b3 Rf4 46. a4 Rb4 47. Kc2 Rf4
48. Kd2 Rb4 49. Ke2 Ke5 50. Nh6 Ke6 51. Nf5 Ke5 52. Nh6 Ke6 53. Nf5 Ke5 1/2-1/2

[Event "PRO League Group Stage"]
[Site "chess.com INT"]
[Date "2019.02.20"]
[Round "7"]
[White "Robson, Ray"]
[Black "So, Wesley"]
[Result "1/2-1/2"]
[WhiteTitle "GM"]
[BlackTitle "GM"]
[WhiteElo "2667"]
[BlackElo "2765"]
[WhiteTeam "Webster Windmills"]
[BlackTeam "Saint Louis Arch Bishops"]
[WhiteFideId "2023970"]
[BlackFideId "5202213"]
[EventDate "2019.01.08"]

1. e4 e5 2. Nf3 Nc6 3. Bb5 a6 4. Ba4 Nf6 5. O-O Nxe4 6. d4 b5 7. Bb3 d5 8. dxe5
Be6 9. Nbd2 Be7 10. c3 O-O 11. Bc2 f5 12. Nb3 Qd7 13. Nbd4 Nxd4 14. Nxd4 c5 15.
Nxe6 Qxe6 16. f3 Ng5 17. a4 Rad8 18. axb5 axb5 19. Kh1 f4 20. Ra7 Rf7 21. Qe2
Qb6 22. Ra1 c4 23. b3 Ne6 24. Rd1 g6 25. bxc4 bxc4 26. Bd2 Qc7 27. Ra6 Nc5 28.
Ra2 Nd3 29. Bxd3 cxd3 30. Qxd3 Qxe5 31. Ra5 Qf5 32. Be1 Qxd3 33. Rxd3 Rf5 34.
Kg1 Kf7 35. Kf1 Ke6 36. Ra6+ Rd6 37. Rxd6+ Bxd6 38. Rd4 1/2-1/2

[Event "PRO League Group Stage"]
[Site "chess.com INT"]
[Date "2019.02.20"]
[Round "7"]
[White "Theodorou, Nikolas"]
[Black "Boros, Denes"]
[Result "0-1"]
[WhiteTitle "IM"]
[BlackTitle "GM"]
[WhiteElo "2552"]
[BlackElo "2442"]
[WhiteTeam "Saint Louis Arch Bishops"]
[BlackTeam "Webster Windmills"]
[WhiteFideId "4262875"]
[BlackFideId "722340"]
[EventDate "2019.01.08"]

1. d4 Nf6 2. c4 e6 3. g3 d5 4. Bg2 Be7 5. Nf3 Ne4 6. O-O f5 7. Nbd2 O-O 8. Ne1
b6 9. Nd3 Bb7 10. cxd5 exd5 11. Nf3 Nd7 12. b3 Bf6 13. Bb2 c5 14. Rc1 Qe7 15.
Rc2 Qf7 16. Nfe5 Nxe5 17. dxe5 Be7 18. Nf4 d4 19. e6 Qe8 20. f3 Nf6 21. e3 g5
22. Nh3 Nd5 23. exd4 Ne3 24. Qe2 Nxc2 25. Qxc2 Bf6 26. Re1 Rc8 27. d5 Bxd5 28.
e7 Rf7 29. Bxf6 Rxf6 30. Qd2 Be6 31. Qxg5+ Rg6 32. Qh4 c4 33. Nf4 cxb3 34. Nxg6
hxg6 35. Rxe6 b2 36. Re1 Rc1 37. Qb4 b1=Q 38. Qxb1 Rxb1 39. Rxb1 Qxe7 40. f4
Qe3+ 41. Kh1 Qd2 42. a4 Kf8 43. h4 Qc2 44. Re1 Qc3 45. Re6 Qxg3 46. Rc6 Qxh4+
47. Kg1 Qe1+ 48. Kh2 Qf2 49. Rxg6 Qxf4+ 50. Kh1 Kf7 51. Rc6 Qxa4 52. Rc7+ Kf6
53. Rc6+ Kg5 54. Rc8 Qd1+ 55. Kh2 b5 56. Rg8+ Kf4 57. Rg3 b4 58. Rh3 Qd6 59. Kh1
a5 60. Rf3+ Kg5 61. Bh3 f4 62. Rf2 Kh4 63. Bf1 Qd5+ 64. Bg2 Qd4 65. Rf3 b3 66.
Kh2 b2 67. Rh3+ Kg5 68. Rb3 a4 69. Rb5+ Kf6 0-1

[Event "PRO League Group Stage"]
[Site "chess.com INT"]
[Date "2019.02.20"]
[Round "7"]
[White "Polgar-Shutzman, Tom"]
[Black "Bloomer, Josh"]
[Result "1-0"]
[WhiteElo "2181"]
[BlackElo "1950"]
[WhiteTeam "Webster Windmills"]
[BlackTeam "Saint Louis Arch Bishops"]
[WhiteFideId "2064880"]
[BlackFideId "2020416"]
[EventDate "2019.01.08"]

1. e4 c5 2. Nf3 d6 3. Bb5+ Nd7 4. d4 cxd4 5. Qxd4 a6 6. Bxd7+ Bxd7 7. c4 e5 8.
Qd3 b5 9. Nc3 bxc4 10. Qxc4 h6 11. O-O Nf6 12. h3 Be7 13. Rd1 O-O 14. Be3 Be6
15. Qe2 Qa5 16. Qd2 Rfb8 17. Nd5 Qxd2 18. Nxf6+ Bxf6 19. Rxd2 Be7 20. Ne1 Rb4
21. f3 Rc8 22. b3 Rb7 23. Rad1 Rbc7 24. Nd3 Rb7 25. f4 f6 26. Kf2 Kf7 27. Nb2 g6
28. f5 gxf5 29. exf5 Bxf5 30. Nc4 Be6 31. Nxd6+ Bxd6 32. Rxd6 Rc2+ 33. R1d2
Rxd2+ 34. Bxd2 Rd7 35. Rxd7+ Bxd7 36. Bxh6 f5 37. Bd2 Be6 38. Bc3 e4 39. Ke3 Kg6
40. Kf4 Bd5 41. g3 Bc6 42. a3 Bd5 43. b4 Bc6 44. Bd4 Bd7 45. Ke5 Bb5 46. Kf4 Bd7
47. Ke5 Bb5 48. h4 Bd7 49. Be3 Bb5 50. h5+ Kxh5 51. Kxf5 Bd3 52. a4 Bc2 53. b5
axb5 54. axb5 Ba4 55. b6 Bc6 56. g4+ Kh4 57. g5 Kh5 58. Kf6 Kg4 59. g6 Kf3 60.
Bc5 e3 61. Bb4 e2 62. g7 Bd5 63. b7 1-0

[Event "PRO League Group Stage"]
[Site "chess.com INT"]
[Date "2019.02.20"]
[Round "7"]
[White "Petrosian, Tigran L."]
[Black "Ghosh, Diptayan"]
[Result "1-0"]
[WhiteTitle "GM"]
[BlackTitle "GM"]
[WhiteElo "2598"]
[BlackElo "2544"]
[WhiteTeam "Seattle Sluggers"]
[BlackTeam "Mumbai Movers"]
[WhiteFideId "13301616"]
[BlackFideId "5045207"]
[EventDate "2019.01.08"]

1. Nf3 Nf6 2. g3 g6 3. Bg2 Bg7 4. d3 d5 5. Nbd2 O-O 6. e4 Nc6 7. O-O dxe4 8.
dxe4 a5 9. Re1 Nd7 10. Nh4 Nc5 11. f4 e5 12. f5 b6 13. Nhf3 Nd4 14. g4 Bb7 15.
Kh1 Re8 16. b3 Bh6 17. Ng1 Qf6 18. c3 Nb5 19. Qc2 Nd6 20. Nh3 Ba6 21. c4 Bb7 22.
Nf2 gxf5 23. exf5 Bxg2+ 24. Kxg2 Rad8 25. Nde4 Ndxe4 26. Nxe4 Nxe4 27. Rxe4 Rd4
28. Qe2 Red8 29. Bxh6 Qxh6 30. Rxd4 Rxd4 31. Rd1 Qf4 32. Rxd4 Qxd4 33. h3 Kg7
34. Qf2 Qd3 35. Qg3 Qe2+ 36. Qf2 Qd3 37. Qg3 Qd4 38. Qf2 Kf6 39. Qh4+ Kg7 40.
Qg5+ Kh8 41. f6 Qe4+ 42. Kf2 Qd4+ 43. Kg3 Qd3+ 44. Kh4 Qg6 45. Qxe5 h6 46. Qf5
Kh7 47. a3 c6 48. b4 axb4 49. axb4 b5 50. c5 1-0

[Event "PRO League Group Stage"]
[Site "chess.com INT"]
[Date "2019.02.20"]
[Round "7"]
[White "Karavade, Eesha"]
[Black "Margvelashvili, Giorgi"]
[Result "0-1"]
[WhiteTitle "IM"]
[BlackTitle "GM"]
[WhiteElo "2365"]
[BlackElo "2530"]
[WhiteTeam "Mumbai Movers"]
[BlackTeam "Seattle Sluggers"]
[WhiteFideId "5012600"]
[BlackFideId "13602926"]
[EventDate "2019.01.08"]

1. d4 Nf6 2. c4 e6 3. Nc3 Bb4 4. Qc2 d6 5. Nf3 Nbd7 6. g3 e5 7. Bg2 c6 8. O-O
O-O 9. dxe5 dxe5 10. a3 Be7 11. h3 Qc7 12. Be3 Bc5 13. Bxc5 Nxc5 14. b4 Ne6 15.
Rfd1 Re8 16. e3 h6 17. Nd2 Ng5 18. h4 Ngh7 19. Nde4 Nxe4 20. Nxe4 Bf5 21. Nf6+
Nxf6 22. Qxf5 Rad8 23. c5 Qe7 24. Be4 g6 25. Qf3 Kg7 26. Kg2 Qe6 27. b5 Rxd1 28.
Rxd1 Qc4 29. bxc6 Nxe4 30. cxb7 Nxc5 31. Rd5 Nxb7 32. Rd7 Nc5 33. Rc7 e4 34. Qf4
Qd5 35. Rxa7 Nd3 36. Qg4 Qf5 37. Qxf5 gxf5 38. Ra5 Kg6 39. Ra6+ f6 40. Rc6 Ra8
41. Rc3 Rb8 42. a4 Rb2 43. Ra3 Nxf2 44. Kf1 Nd3 45. a5 Rb8 46. a6 Ra8 47. a7 Nb4
48. Ke2 Kh5 49. Kf2 Kg4 50. Kg2 Nc6 51. Ra6 Rxa7 52. Rxc6 Ra2+ 53. Kf1 Kf3 54.
Kg1 Kxg3 55. Kf1 Kf3 56. Kg1 Kxe3 57. Rxf6 f4 58. Rxh6 f3 59. Rb6 Ra1+ 60. Kh2
f2 0-1

[Event "PRO League Group Stage"]
[Site "chess.com INT"]
[Date "2019.02.20"]
[Round "7"]
[White "Bashkansky, Naomi"]
[Black "Kulkarni, Rakesh"]
[Result "1-0"]
[WhiteTitle "WIM"]
[BlackTitle "IM"]
[WhiteElo "1994"]
[BlackElo "2298"]
[WhiteTeam "Seattle Sluggers"]
[BlackTeam "Mumbai Movers"]
[WhiteFideId "2072289"]
[BlackFideId "5037077"]
[EventDate "2019.01.08"]

1. d4 Nf6 2. c4 e5 3. dxe5 Ng4 4. e4 Nxe5 5. f4 Nec6 6. Nc3 Bc5 7. Nf3 d6 8. Qd3
Nd7 9. a3 a5 10. Be3 O-O 11. Be2 Re8 12. O-O f5 13. Qd5+ Kh8 14. Bxc5 Nf6 15.
Qd1 dxc5 16. e5 Ng4 17. Qxd8 Nxd8 18. Nd5 Ne6 19. Ng5 Nxg5 20. Nxc7 Ne4 21. Nxe8
Ne3 22. Rfc1 Bd7 23. Nc7 Rd8 24. Nd5 Nxd5 25. cxd5 Ba4 26. d6 b5 27. Bd1 Kg8 28.
b3 Bxb3 29. Bxb3+ c4 30. Bxc4+ bxc4 31. Rxc4 Kf7 32. Rc7+ Ke6 33. Rd1 Re8 34.
Rxg7 Nc3 35. Rd3 Ne2+ 36. Kf2 Nxf4 37. Rd4 Ng6 38. Rd1 Rb8 39. d7 Rd8 40. Rxh7
Nxe5 41. Rh3 a4 42. Rc3 Ng4+ 43. Kg1 Rxd7 44. Rxd7 Kxd7 45. Rc4 Ne3 46. Rxa4 Ke6
47. Ra8 Nc4 48. Kf2 Nb6 49. Ra6 1-0

[Event "PRO League Group Stage"]
[Site "chess.com INT"]
[Date "2019.02.20"]
[Round "7"]
[White "Adly, Ahmed"]
[Black "Smirnov, Anton"]
[Result "1/2-1/2"]
[WhiteTitle "GM"]
[BlackTitle "GM"]
[WhiteElo "2611"]
[BlackElo "2569"]
[WhiteTeam "Delhi Dynamite"]
[BlackTeam "Australia Kangaroos"]
[WhiteFideId "10601619"]
[BlackFideId "3208923"]
[EventDate "2019.01.08"]

1. Nf3 d5 2. g3 g6 3. c4 c6 4. Bg2 Bg7 5. cxd5 cxd5 6. O-O e5 7. d3 Nc6 8. Nc3
Nge7 9. e4 O-O 10. exd5 Nxd5 11. Nxe5 Nxc3 12. Nxc6 Nxd1 13. Nxd8 Nxb2 14. Nxb7
Nxd3 15. Rb1 Nxc1 16. Rfxc1 Bf5 17. Rb5 Rac8 18. Rd1 Bc2 19. Re1 Rfe8 20. Rc1
Bd3 21. Rbc5 Rxc5 22. Nxc5 Bb2 23. Rd1 Be2 24. Rb1 Bd4 25. Nb3 Bb6 26. Re1 Bb5
27. Rxe8+ Bxe8 28. Bd5 Kf8 29. Kg2 Ke7 30. Nd2 Kd6 31. Bb3 Bd4 32. Ne4+ Ke5 33.
Ng5 h6 34. Nxf7+ Bxf7 35. Bxf7 Kf6 36. Bb3 g5 37. Bd1 Bc5 38. h3 Bb6 39. f4 gxf4
40. gxf4 Be3 41. Kf3 Bc1 42. Kg4 Bd2 43. Bc2 Bc1 44. a4 a5 45. Kf3 Bd2 1/2-1/2

[Event "PRO League Group Stage"]
[Site "chess.com INT"]
[Date "2019.02.20"]
[Round "7"]
[White "Shevchenko, Kirill"]
[Black "Kannappan, Priyadharshan"]
[Result "0-1"]
[WhiteTitle "GM"]
[BlackTitle "GM"]
[WhiteElo "2539"]
[BlackElo "2553"]
[WhiteTeam "Australia Kangaroos"]
[BlackTeam "Delhi Dynamite"]
[WhiteFideId "14129574"]
[BlackFideId "5018293"]
[EventDate "2019.01.08"]

1. e4 e5 2. Bc4 Nf6 3. d3 Nc6 4. Nc3 Na5 5. Bb3 Bc5 6. Nf3 d6 7. Ba4+ c6 8. a3
Bd4 9. Nxd4 exd4 10. Ne2 b5 11. Bb3 Nxb3 12. cxb3 c5 13. b4 h6 14. O-O O-O 15.
f4 Bb7 16. Ng3 Re8 17. b3 a5 18. Bb2 axb4 19. axb4 Rxa1 20. Bxa1 Qb6 21. bxc5
dxc5 22. b4 c4 23. dxc4 bxc4 24. Bxd4 Qc6 25. b5 Qe6 26. f5 Qd6 27. Bxf6 Qxf6
28. Qc2 Qb6+ 29. Kh1 Qxb5 30. Rc1 Rc8 31. f6 g6 32. Qc3 Qc6 33. h4 Rd8 34. Qxc4
Rd1+ 35. Rxd1 Qxc4 0-1

[Event "PRO League Group Stage"]
[Site "chess.com INT"]
[Date "2019.02.20"]
[Round "7"]
[White "Grover, Sahaj"]
[Black "Ly, Moulthun"]
[Result "1-0"]
[WhiteTitle "GM"]
[BlackTitle "GM"]
[WhiteElo "2511"]
[BlackElo "2486"]
[WhiteTeam "Delhi Dynamite"]
[BlackTeam "Australia Kangaroos"]
[WhiteFideId "5021103"]
[BlackFideId "3204405"]
[EventDate "2019.01.08"]

1. e4 e5 2. Nf3 Nf6 3. Nxe5 d6 4. Nf3 Nxe4 5. Nc3 Nxc3 6. dxc3 Be7 7. Be3 Nd7 8.
Bc4 O-O 9. O-O c6 10. a4 d5 11. Bd3 Nc5 12. h3 Re8 13. Re1 Nxd3 14. Qxd3 Bf6 15.
Bd4 Be6 16. a5 Rc8 17. Bxa7 c5 18. Qb5 Qc7 19. Bb6 Qd6 20. Re2 h6 21. Rae1 d4
22. cxd4 cxd4 23. Qd3 Re7 24. Bxd4 Bc4 25. Qf5 Be6 26. Qe4 Bd5 27. Qg4 Be6 28.
Bxf6 Bxg4 29. Bxe7 Qa6 30. hxg4 Qxa5 31. g5 hxg5 32. Bxg5 f6 33. Bd2 Qb5 34. Bc3
Rc4 35. Nd4 Qd5 36. Re8+ Kh7 37. R1e4 b5 38. Rh4+ Kg6 39. Nf3 Rxh4 40. Nxh4+ Kf7
41. Re1 Qc4 42. Nf5 Qc5 43. g4 g6 44. Ng3 b4 45. Bxf6 Qxc2 46. g5 Qc4 47. Re7+
Kf8 48. Re4 Qc1+ 49. Kg2 b3 50. Re3 Qd1 51. Ne2 Qd2 52. Nf4 Kg8 53. Re8+ Kf7 54.
Re7+ Kg8 55. Rg7+ Kf8 56. Ne6+ Ke8 57. Re7# 1-0

[Event "PRO League Group Stage"]
[Site "chess.com INT"]
[Date "2019.02.20"]
[Round "7"]
[White "Song, Raymond"]
[Black "Manu, David Suthandram R"]
[Result "1-0"]
[WhiteTitle "FM"]
[WhiteElo "2329"]
[BlackElo "2252"]
[WhiteTeam "Australia Kangaroos"]
[BlackTeam "Delhi Dynamite"]
[WhiteFideId "3203824"]
[BlackFideId "35019562"]
[EventDate "2019.01.08"]

1. d4 Nf6 2. c4 e6 3. g3 d5 4. Nf3 c5 5. cxd5 exd5 6. Bg2 Nc6 7. O-O Bg4 8. Ne5
cxd4 9. Nxg4 Nxg4 10. e4 Nf6 11. exd5 Nxd5 12. Qb3 Nb6 13. a4 a5 14. Bg5 Be7 15.
Bxe7 Nxe7 16. Qb5+ Nd7 17. Rd1 Qb6 18. Na3 Qxb5 19. axb5 Nc5 20. Rac1 Ne6 21.
Nc4 O-O 22. Bxb7 Rab8 23. Nxa5 Nf5 24. Ba6 h5 25. Rd3 g6 26. Rc6 Rfd8 27. b4 Rd5
28. Nb3 Nd6 29. b6 Kg7 30. Na5 Ne8 31. b7 N6c7 32. Bc4 Rd7 33. Rb6 Nd6 34. Rxd4
Nce8 35. Bb5 Rc7 36. Rbxd6 1-0

[Event "PRO League Group Stage"]
[Site "chess.com INT"]
[Date "2019.02.20"]
[Round "7"]
[White "Ding, Liren"]
[Black "Caruana, Fabiano"]
[Result "1/2-1/2"]
[WhiteTitle "GM"]
[BlackTitle "GM"]
[WhiteElo "2813"]
[BlackElo "2828"]
[WhiteTeam "Chengdu Pandas"]
[BlackTeam "Saint Louis Arch Bishops"]
[WhiteFideId "8603677"]
[BlackFideId "2020009"]
[EventDate "2019.01.08"]

1. c4 e5 2. g3 Nf6 3. Bg2 c6 4. Nf3 e4 5. Nd4 Qb6 6. Nb3 a5 7. d3 a4 8. N3d2 d5
9. cxd5 exd3 10. O-O cxd5 11. exd3 Nc6 12. Nc3 Qa5 13. Re1+ Be7 14. b4 axb3 15.
Bb2 Qd8 16. Nxb3 O-O 17. h3 Be6 18. Nb5 Re8 19. a4 Nd7 20. N3d4 Nxd4 21. Bxd4
Nb8 22. Be5 Nc6 23. Bc7 Qd7 24. Kh2 Bf6 25. Rb1 Nd4 26. Be5 Bxe5 27. Rxe5 Nxb5
28. Rxb5 Qc7 29. d4 Qc4 30. Bxd5 Qxa4 31. Qxa4 Rxa4 32. Bxe6 fxe6 33. d5 Rf8 34.
dxe6 Rxf2+ 35. Kg1 Rc2 36. Rb1 Ra8 37. e7 Re8 38. Rxb7 Kf7 39. Rf5+ Ke6 40. Rf1
Re2 41. Rb6+ Kxe7 42. Rb7+ Ke6 43. Rxg7 Re7 44. Rxe7+ Kxe7 45. Rf2 Re5 46. Kf1
Ra5 47. Kg2 h5 48. g4 hxg4 49. hxg4 Ra3 50. Rf3 Rxf3 51. Kxf3 Kf6 52. Kf4 Kg6
53. g5 Kg7 54. g6 Kxg6 1/2-1/2

[Event "PRO League Group Stage"]
[Site "chess.com INT"]
[Date "2019.02.20"]
[Round "7"]
[White "So, Wesley"]
[Black "Wang, Yue"]
[Result "1/2-1/2"]
[WhiteTitle "GM"]
[BlackTitle "GM"]
[WhiteElo "2765"]
[BlackElo "2684"]
[WhiteTeam "Saint Louis Arch Bishops"]
[BlackTeam "Chengdu Pandas"]
[WhiteFideId "5202213"]
[BlackFideId "8601429"]
[EventDate "2019.01.08"]

1. c4 e6 2. Nc3 d5 3. d4 Nf6 4. cxd5 exd5 5. Bg5 c6 6. e3 Bf5 7. Qf3 Be6 8. Bxf6
Qxf6 9. Qxf6 gxf6 10. Nf3 Nd7 11. Bd3 Nb6 12. Ke2 Nc8 13. Rhc1 Nd6 14. b4 a6 15.
a4 Be7 16. b5 axb5 17. axb5 O-O 18. Nd2 f5 19. bxc6 bxc6 20. Na4 Rfc8 21. f3 Nb5
22. Nc5 Rxa1 23. Rxa1 f4 24. Ndb3 fxe3 25. Kxe3 Nd6 26. Nxe6 fxe6 27. Ra7 Kf7
28. Nc5 Nb5 29. Bxb5 cxb5 30. Rb7 Ra8 31. g4 Ra2 32. Nd3 Ra3 33. Rxb5 Bg5+ 34.
Ke2 Ra2+ 35. Rb2 Ra4 36. Rb7+ Kg8 37. Rb8+ Kg7 38. Nc5 Ra2+ 39. Kf1 Be3 40. Rb3
Bf2 41. Nxe6+ Kf7 42. Ng5+ Kg6 43. Ne6 Kf7 44. Rb6 Be3 45. h4 Rf2+ 46. Ke1 Rxf3
47. Ke2 Rh3 48. h5 h6 49. Rb3 Rh2+ 50. Kf3 Bg1 51. Rb6 Rf2+ 52. Kg3 Rf6 53. Rb1
Bf2+ 54. Kg2 Rxe6 55. Kxf2 Re4 56. Rb7+ Kg8 57. Rb6 Kh7 58. Rb7+ Kg8 59. Rb6 Kh7
60. Rb7+ 1/2-1/2

[Event "PRO League Group Stage"]
[Site "chess.com INT"]
[Date "2019.02.20"]
[Round "7"]
[White "Zhao, Jun"]
[Black "Theodorou, Nikolas"]
[Result "1-0"]
[WhiteTitle "GM"]
[BlackTitle "IM"]
[WhiteElo "2610"]
[BlackElo "2552"]
[WhiteTeam "Chengdu Pandas"]
[BlackTeam "Saint Louis Arch Bishops"]
[WhiteFideId "8602522"]
[BlackFideId "4262875"]
[EventDate "2019.01.08"]

1. c4 Nf6 2. Nc3 g6 3. g3 d6 4. Bg2 Bg7 5. e4 O-O 6. Nge2 c5 7. O-O Nc6 8. d3
Ne8 9. Rb1 Nc7 10. a3 Ne6 11. b4 Ned4 12. Be3 a6 13. h3 Nxe2+ 14. Nxe2 Nd4 15.
Nxd4 cxd4 16. Bg5 h6 17. Bd2 Bd7 18. a4 b6 19. f4 e6 20. Kh2 Ra7 21. Qb3 Kh7 22.
Rfc1 f5 23. c5 fxe4 24. Bxe4 e5 25. c6 Bf5 26. Qd5 Qc8 27. Bxf5 Rxf5 28. Qg2
Raf7 29. Rf1 b5 30. axb5 axb5 31. g4 R5f6 32. fxe5 Rxf1 33. Rxf1 Rxf1 34. Qxf1
Bxe5+ 35. Kg1 Qxc6 36. Qf7+ Bg7 37. Qf2 Qc2 38. Qe2 Qb1+ 39. Qf1 Qa2 40. Qe2 Be5
41. Kf2 Qb2 42. Kf1 Qa1+ 43. Kg2 Qa8+ 44. Qf3 Qa2 45. Qe2 Qc2 46. h4 Qc8 47. h5
gxh5 48. Qe4+ Kh8 49. gxh5 Qg8+ 50. Kf1 Qf7+ 51. Ke1 Qxh5 52. Qa8+ Kh7 53. Qe4+
Qg6 54. Qb7+ Kh8 55. Qb8+ Kg7 56. Qb7+ Kf6 57. Qf3+ Ke7 58. Qb7+ Kf8 59. Qf3+
Bf6 60. Kd1 h5 61. Kc2 Kg7 62. Qb7+ Qf7 63. Qxb5 Qa2+ 64. Kc1 h4 65. Qd7+ Qf7
66. Qg4+ Qg6 67. Qd7+ Kh8 68. Qxd6 h3 69. Bf4 Kg7 70. Kc2 Qg2+ 71. Kb3 Qf3 72.
Kc4 Qg2 73. b5 Qc2+ 74. Kd5 Qxd3 75. b6 Qb5+ 76. Ke4 Qb1+ 77. Kd5 Qh1+ 78. Kc4
Qf1+ 79. Kd5 Qf3+ 80. Kc4 Qe2+ 81. Kd5 Qa2+ 82. Kc6 Qc4+ 83. Kd7 Qf7+ 84. Kc8
Be7 85. Be5+ Kh7 86. Qxd4 Qe6+ 87. Kb7 Kg6 88. Qd3+ Kg5 89. Bc7 Kg4 90. Qd1+ Kg5
91. Qd2+ Kg6 92. Qd3+ Qf5 93. Qe2 Bg5 94. Kb8 Qf8+ 95. Ka7 Qa3+ 96. Kb7 Qf8 97.
Qe6+ Qf6 98. Qxh3 Kg7 99. Qd7+ Kg6 100. Qe8+ Kh6 101. Qc6 Qxc6+ 102. Kxc6 Be3
103. b7 Ba7 104. Kb5 1-0